Camino de perfección /

Shranjeno v:
Bibliografske podrobnosti
Glavni avtor: Teresa de Jesús (Santa), 1515-1582
Format: Neznan
Jezik:Spanish
Izdano: Madrid : Espasa-Calpe, 1958.
Izdaja:3. edición
Teme:
Oznake: Označite
Brez oznak, prvi označite!

MARC

LEADER 000000000a22000000004500
001 011824
041 0 |a spa 
082 0 4 |a 860.8   |b C614c 
100 1 |a Teresa de Jesús   |c (Santa),   |d 1515-1582 
245 1 0 |a Camino de perfección /   |c Santa Teresa de Jesús. 
250 |a 3. edición 
260 1 |a Madrid :   |b Espasa-Calpe,   |c 1958. 
300 |a 178 páginas 
500 |a Material disponible en BCMA 
650 4 |a LITERATURA ESPAÑOLA 
650 4 |a NOVELA 
650 4 |a VIDA ESPIRITUAL 
500 |a Colección George Yúdice 
999 |c 17852  |d 17852 
942 |c BK  |h 860.8 C614c  |2 z